[Event "GER-ch U25-B"]
[Site "Willingen"]
[Date "2019.06.09"]
[Round "1"]
[White "Hoevert, Kai"]
[Black "Brunauer, Simon"]
[Result "1-0"]
[WhiteElo "1536"]
[BlackElo "1607"]
[PlyCount "92"]
[EventDate "2019.06.08"]
[EventType "swiss"]
[EventRounds "9"]
[EventCountry "GER"]
[SourceTitle "CBM 191 Extra"]
[Source "ChessBase"]
[SourceDate "2019.09.30"]
[SourceVersion "1"]
[SourceVersionDate "2019.09.30"]
[SourceQuality "1"]

1. e4 e5 2. Nf3 Nc6 3. Bc4 Bc5 4. c3 Nf6 5. d4 exd4 6. cxd4 Bb4+ 7. Nc3 d5 8. exd5 Nxd5 9. 0-0 Be6 10. Ng5 0-0 11. Qc2 g6 12. Nxe6 fxe6 13. Rd1 Qh4 14. Nxd5 exd5 15. Bxd5+ Kh8 16. Bxc6 bxc6 17. Be3 Bd6 18. g3 Qh3 19. Qxc6 Rae8 20. Qg2 Qf5 21. Rac1 Qb5 22. Rd2 Qa5 23. a3 Rb8 24. h3 Rb3 25. Rcc2 h6 26. Re2 g5 27. Qe4 Kg7 28. h4 gxh4 29. Qxh4 Rf6 30. Qg4+ Rg6 31. Qd7+ Kf6 32. Qc6 Rd3 33. Qf3+ Kg7 34. Bxh6+ Rxh6 35. Qxd3 Qh5 36. Qe4 Qh2+ 37. Kf1 Qh3+ 38. Qg2 Qf5 39. Qe4 Qf7 40. Qe8 Qa2 41. Qd7+ Kf6 42. Qd8+ Kf7 43. Rxc7+ Bxc7 44. Qxc7+ Kf6 45. Qe7+ Kg6 46. Qe6+ Kg7 1-0